00343nam a2200133Ia 4500008004100000020001500041041001200056082001600068100001400084245004300098260004500141300000800186650001500194221030s9999 xx 000 0 und d a019566776X aEnglish a105.23bPar aU. Pareek 0aUnderstanding Organisational Behaviour bOxford University PressaNew Delhic2004 a548 aManagement